Largest World Cities by Prefix and Suffix Quiz - Statistics

General Stats
  • This quiz has been taken 83 times
  • The average score is 11 of 21
Answer Stats
City % Correct
Los Angeles
99%
New York
99%
São Paulo
99%
San Francisco
84%
Saint Petersburg
73%
Guangzhou
70%
Hyderabad
64%
Mexico City
62%
Pittsburgh
58%
Minneapolis
51%
Volgograd
49%
Porto Alegre
44%
Virginia Beach
44%
Cape Town
40%
Port-au-Prince
37%
Washington
37%
Johannesburg
36%
Brazzaville
30%
Cleveland
16%
Southampton
16%
Monterrey
10%
No matching quizzes found
Score Distribution
Percent of People with Each Score
Percentile by Number Answered
Your Score History
You have not taken this quiz